Statistics for jealousy, jealousy - Olivia Rodrigo

Click here to take the quiz!

General Stats

  • This quiz has been taken 205 times
  • The average score is 42 of 52

Answer Stats

HintAnswer% Correct
'Cause all I see are girls too good to be ____true
96%
I kinda wanna throw my _____ across the roomphone
91%
I know that ______ is not my lackbeauty
90%
I'm __ ____ of myself | Oh, I'm __ ____ of myselfso sick
89%
Wish I didn't ____care
88%
But ________, ________ | ________, ________jealousy, jealousy
88%
I'd ______ __, rather be | I'd ______ __, rather be (oh, oh) | I'd ______ __, rather be (oh-oh-oh)rather be
88%
Anyone, anyone else (anybody else) | ______, ______ elseAnyone, anyone
87%
I think, I think ___ ____too much
85%
Started ________' me | Started ________' me (he-he-he, he-he)followin'
84%
Started ________' me (he-he-he, he-he)followin
84%
'Bout ____ who don't know mekids
83%
With _____-_____ teeth and perfect bodiespaper-white
80%
But it feels like that ______ is on my backweight
80%
All your friends are so ____, you go out every nightcool
78%
And I'm happy for them, but then again, _'_ ___i'm not
78%
And I can't ___ __ __let it go
78%
_______, prettier, jealousy, jealousyhappier
77%
All I see is what I ______ __should be
77%
I wanna __ ___ __ ___, and I don't even know yoube you so bad
75%
Got a ______ ____, ______ _________, toopretty face, pretty boyfriend
74%
I can't stand it, oh, ___, I sound crazygod
72%
Just cool _______ _______ and vacation photosvintage clothes
72%
__-__________ is killin' me slowlyCo-comparison
71%
I ____ it's trueknow
71%
And I see everyone gettin' ___ ___ ______ I wantall the things
70%
In your _____'_ ____ ___, yeah, you're livin' the lifedaddy's nice car
70%
But I can't help gettin' ______ up in it allcaught
61%
Their win is ___ __ ____not my loss
60%
I'm _____' it, all I get's, jealousy, jealousylosin'
58%

Score Distribution

Percentile by Number Answered

Percent of People with Each Score

Your Score History

You have not taken this quiz